Statistics for Countries that Start with 'Ma'

Click here to take the quiz!

General Stats

  • This quiz has been taken 79 times
  • The average score is 6 of 9

Answer Stats

Country% Correct
Mali
94%
Mauritania
88%
Madagascar
78%
Mauritius
78%
Malawi
74%
Malaysia
72%
Malta
54%
Maldives
40%
Marshall Islands
40%

Score Distribution

Percentile by Number Answered

Percent of People with Each Score

Your Score History

You have not taken this quiz